000 00757nam a2200229 i 4500
001 189309
003 SpMaBN
005 20250819001228.0
008 190522s1973 sp |||| | spa d
080 _a92:224.4
080 _a224.4:92
100 1 _aMonloubou, Louis (
_d1924-2012)
_982233
245 1 3 _aUn sacerdote se vuelve profeta
_b: Ezequiel /
_cL. Monloubou ; [traducción por José María Bernáldez y Romero].
260 _aMadrid :
_bFax,
_c[1973]
300 _a235 p. ;
_c21 cm.
490 1 _aActualidad bíblica ;
_v35
630 0 7 _aBiblia.
_pA. T.
_pEzequiel
_2
_9167085
700 1 _aBernáldez y Romero, José María.
_928212
830 0 _aActualidad bíblica ;
_v35
_9193281
852 _aES-MaACL
_jJ-9(29)
999 _c189309
_d189309